[Event "Politiken Cup 2011"]
[Site "Helsingor"]
[Date "2011.08.02"]
[Round "5.116"]
[White "Randlov, Carsten"]
[Black "Meldal, Peter"]
[Result "1-0"]
[WhiteElo "1872"]
[BlackElo "1526"]
[PlyCount "69"]
[EventDate "2011.??.??"]
[WhiteTeam "AS04"]
[BlackTeam "Taastrup"]

1. e4 e6 2. d4 d5 3. Nc3 Bb4 4. e5 c5 5. a3 cxd4 6. axb4 dxc3 7. bxc3 Qc7 8.
Nf3 Qxc3+ 9. Bd2 Qc7 10. Bd3 Nc6 11. Qe2 Nge7 12. b5 Nb8 13. O-O b6 14. Rfe1
Nd7 15. h4 Nc5 16. Nd4 Nxd3 17. cxd3 O-O 18. Rac1 Qd8 19. Bg5 Bd7 20. Qg4 g6
21. Bf6 h6 22. h5 Kh7 23. f4 Qe8 24. Rc7 Ng8 25. hxg6+ fxg6 26. Nxe6 Nxf6 27.
exf6 Kh8 28. Qh4 h5 29. Nxf8 Qxf8 30. Rxd7 Qc5+ 31. Kh2 Qxb5 32. Ree7 Qxd3 33.
Rh7+ Kg8 34. Rdg7+ Kf8 35. Rh8# 1-0

[Event "Politiken Cup 2011"]
[Site "Helsingor"]
[Date "2011.08.02"]
[Round "5.117"]
[White "Jorgensen, Orla Eilegaard"]
[Black "Astrom, Lars"]
[Result "0-1"]
[WhiteElo "1673"]
[BlackElo "1871"]
[PlyCount "38"]
[EventDate "2011.??.??"]
[WhiteTeam "Allerød"]
[BlackTeam "Limhamn"]

1. e4 c5 2. Nc3 Nc6 3. f4 g6 4. Nf3 Bg7 5. Bb5 Nd4 6. Be2 e6 7. d3 Ne7 8. O-O
O-O 9. Be3 a6 10. a4 b6 11. Qd2 Bb7 12. Ng5 d5 13. e5 Nef5 14. Rac1 Qd7 15. Bg4
h6 16. Bxd4 cxd4 17. Nxe6 fxe6 18. Bxf5 dxc3 19. Bxe6+ Qxe6 0-1

[Event "Politiken Cup 2011"]
[Site "Helsingor"]
[Date "2011.08.02"]
[Round "5.124"]
[White "Nielsen, Steen G"]
[Black "Bremer, Erik"]
[Result "1-0"]
[WhiteElo "1870"]
[BlackElo "1578"]
[PlyCount "43"]
[EventDate "2011.??.??"]
[WhiteTeam "Odysseus"]
[BlackTeam "Blindes Skakklub"]

1. e4 e5 2. Nf3 Nc6 3. d4 exd4 4. Bc4 d6 5. Nxd4 Nf6 6. Nc3 Be7 7. Nxc6 bxc6 8.
O-O O-O 9. h3 Bb7 10. Qe2 Re8 11. Be3 d5 12. Rfd1 Bb4 13. exd5 cxd5 14. Nxd5
Nxd5 15. Bxd5 Bxd5 16. Qb5 a5 17. Rxd5 Qf6 18. Bd4 Qf4 19. Qd7 Rad8 20. Qxd8
Rxd8 21. Rxd8+ Bf8 22. Bc5 1-0

[Event "Politiken Cup 2011"]
[Site "Helsingor"]
[Date "2011.08.02"]
[Round "5.118"]
[White "Overas"]
[Black "Holm, Henrik"]
[Result "1-0"]
[WhiteElo "1503"]
[BlackElo "1853"]
[PlyCount "95"]
[EventDate "2011.??.??"]
[BlackTeam "Hillerød"]

1. d4 f5 2. c4 Nf6 3. Nc3 e6 4. Bf4 Be7 5. Nf3 c6 6. h3 O-O 7. e3 b6 8. d5 d6
9. dxe6 Bxe6 10. Bd3 c5 11. g4 Qd7 12. Ng5 fxg4 13. Qc2 g3 14. Bxh7+ Kh8 15.
Nxe6 Qxe6 16. Bf5 Qxc4 17. Bxg3 Nbd7 18. Bd3 Qf7 19. Ne4 Nxe4 20. Bxe4 d5 21.
Bg6 Qe6 22. h4 Rad8 23. O-O-O Nf6 24. Bf5 Qg8 25. f3 d4 26. h5 Qxa2 27. h6 g5
28. e4 d3 29. Qc3 d2+ 30. Kc2 Qa4+ 31. b3 Qa2+ 32. Qb2 Qxb2+ 33. Kxb2 Nh7 34.
Rh2 Rd3 35. Rf2 Bf6+ 36. e5 Rd5 37. Re2 Be7 38. Be4 Rdd8 39. Rexd2 Rfe8 40. Kc2
Nf8 41. Bf5 Nh7 42. Rd7 Rxd7 43. Rxd7 Nf8 44. Rxa7 c4 45. bxc4 Bc5 46. e6 Bd4
47. e7 Nh7 48. Bg6 1-0

[Event "Politiken Cup 2011"]
[Site "Helsingor"]
[Date "2011.08.02"]
[Round "5.126"]
[White "Larsen, Arne Walther"]
[Black "Clausen, Hansjorgen"]
[Result "1-0"]
[WhiteElo "1851"]
[BlackElo "1675"]
[PlyCount "89"]
[EventDate "2011.??.??"]
[WhiteTeam "Hvidovre"]
[BlackTeam "Gråsten"]

1. c4 Nf6 2. g3 e6 3. Bg2 c6 4. Nf3 d5 5. O-O Be7 6. b3 Nbd7 7. Bb2 O-O 8. d3
b6 9. Nbd2 Bb7 10. e4 Nc5 11. Qe2 dxc4 12. d4 cxb3 13. dxc5 bxa2 14. Rxa2 Bxc5
15. Nc4 a5 16. Rd1 Qe7 17. Nfe5 Rfd8 18. Raa1 Rxd1+ 19. Rxd1 b5 20. Ne3 Rd8 21.
N5g4 Rxd1+ 22. Qxd1 Nxg4 23. Nxg4 Qd6 24. Qf3 Bd4 25. e5 Qd8 26. Qd3 Bxf2+ 27.
Nxf2 Qxd3 28. Nxd3 Kf8 29. Nc5 Ba8 30. Kf2 Ke8 31. Ke3 Kd8 32. Nb3 a4 33. Nc5
Kc7 34. Ba3 Kb6 35. Bb4 Bb7 36. Nxb7 Kxb7 37. Kd4 Kb6 38. Be4 g6 39. Bc5+ Kc7
40. Kc3 Kb7 41. Kb4 Kc7 42. Ka5 Kb7 43. Bd6 h6 44. g4 g5 45. Bh7 1-0

[Event "Politiken Cup 2011"]
[Site "Helsingor"]
[Date "2011.08.02"]
[Round "5.146"]
[White "Borg, Flemming"]
[Black "Thingstad, Tormod"]
[Result "1-0"]
[WhiteElo "1851"]
[BlackElo "1144"]
[PlyCount "103"]
[EventDate "2011.??.??"]
[WhiteTeam "Allerød"]
[BlackTeam "Hønefoss"]

1. c4 c5 2. Nc3 g6 3. g3 Bg7 4. Bg2 Nf6 5. e4 Nc6 6. d3 O-O 7. f4 d6 8. Nf3 Bg4
9. h3 Bxf3 10. Bxf3 Nd4 11. Bg2 Qd7 12. O-O e6 13. Ne2 Nc6 14. g4 Qe7 15. Ng3
Nd4 16. f5 e5 17. g5 Nd7 18. f6 Nxf6 19. gxf6 Bxf6 20. Bh6 Bg7 21. Bxg7 Kxg7
22. Qg4 Kh8 23. Qd1 Qg5 24. Kh2 f5 25. exf5 gxf5 26. Qh5 Qxh5 27. Nxh5 f4 28.
Be4 Rab8 29. Rg1 Rf7 30. Rg4 f3 31. Rf1 Rbf8 32. Bd5 Rf5 33. Ng3 R5f6 34. Ne4
Rf5 35. Nxd6 R5f6 36. Ne4 Rf5 37. Nxc5 Nc2 38. Rg3 Ne3 39. Rf2 Nxd5 40. cxd5 b6
41. Ne6 R8f7 42. d6 R5f6 43. Rgxf3 Rxf3 44. Rxf3 Rxf3 45. d7 Rxd3 46. d8=Q+
Rxd8 47. Nxd8 a6 48. Kg3 Kg7 49. Kf3 Kf6 50. Ke4 h5 51. h4 b5 52. Nc6 1-0

[Event "Politiken Cup 2011"]
[Site "Helsingor"]
[Date "2011.08.02"]
[Round "5.127"]
[White "Hansen, Erik Friberg"]
[Black "Erikstad, Olav"]
[Result "0-1"]
[WhiteElo "1539"]
[BlackElo "1844"]
[PlyCount "82"]
[EventDate "2011.??.??"]
[WhiteTeam "Ishøj"]
[BlackTeam "Akademisk Sjakklubb Oslo"]

1. d4 d5 2. Nf3 Nf6 3. e3 Bf5 4. Bd3 Bxd3 5. Qxd3 c6 6. Nbd2 e6 7. e4 Qa5 8. c3
Qa6 9. Qxa6 Nxa6 10. e5 Nd7 11. Nb3 c5 12. Be3 h6 13. h3 cxd4 14. Bxd4 b6 15.
O-O Nac5 16. Rfd1 Nxb3 17. axb3 Nc5 18. Bxc5 Bxc5 19. Nd4 a5 20. b4 Bxd4 21.
cxd4 Kd7 22. bxa5 bxa5 23. Rdc1 Rhc8 24. Rxc8 Kxc8 25. Rc1+ Kb7 26. Kf1 Ra6 27.
Ke2 Rb6 28. Rc2 Rb4 29. Kd3 f6 30. f4 Rb3+ 31. Ke2 Rg3 32. Ke1 Kb6 33. Re2 f5
34. Rd2 Re3+ 35. Re2 Rxe2+ 36. Kxe2 Kb5 37. Kd3 Kb4 38. g4 g6 39. g5 h5 40. Kc2
Kc4 41. h4 a4 0-1

[Event "Politiken Cup 2011"]
[Site "Helsingor"]
[Date "2011.08.02"]
[Round "5.31"]
[White "Rodvik, Trym Daniel"]
[Black "Kyrkjebo, Marte B"]
[Result "1-0"]
[WhiteElo "1843"]
[BlackElo "1522"]
[PlyCount "67"]
[EventDate "2011.??.??"]
[WhiteTeam "Hamar Sjakkselskap"]
[BlackTeam "Stavenger"]

1. e4 e5 2. Nf3 Nc6 3. d4 exd4 4. Nxd4 Bc5 5. Nxc6 Qf6 6. Qf3 dxc6 7. Bc4 Be6
8. Bxe6 Qxe6 9. O-O O-O-O 10. Be3 Bxe3 11. Qxe3 Kb8 12. Nc3 Nf6 13. Rad1 Rhe8
14. Qg5 Qg4 15. f4 a6 16. Rxd8+ Rxd8 17. h3 Qe6 18. e5 h6 19. Qh4 Rd2 20. exf6
gxf6 21. Qxh6 Rxc2 22. Qf8+ Ka7 23. Qc5+ Kb8 24. Rd1 b6 25. Rd8+ Kb7 26. Qf8
Qe3+ 27. Kh1 Rc1+ 28. Nd1 Qe1+ 29. Kh2 c5 30. Rb8+ Kc6 31. Nf2 Qxf2 32. Qe8+
Kd5 33. Rd8+ Kc4 34. Qa4# 1-0

[Event "Politiken Cup 2011"]
[Site "Helsingor"]
[Date "2011.08.02"]
[Round "5.128"]
[White "Hjornevik, Asbjorn"]
[Black "Larsen, Henrik Falk"]
[Result "1/2-1/2"]
[WhiteElo "1835"]
[BlackElo "1619"]
[PlyCount "84"]
[EventDate "2011.??.??"]
[WhiteTeam "Sandness"]
[BlackTeam "Enkeltmedlem"]

1. e4 c6 2. d4 e6 3. Nf3 d5 4. e5 c5 5. c3 Nc6 6. Be2 cxd4 7. cxd4 Bb4+ 8. Bd2
Bxd2+ 9. Qxd2 Nge7 10. O-O O-O 11. Nc3 a6 12. Rac1 b5 13. Qf4 Ng6 14. Qe3 Bb7
15. a3 Rc8 16. Bd3 Qe7 17. b4 h6 18. Nd2 f5 19. f4 Rc7 20. Nb3 Rfc8 21. Nc5 Nb8
22. Rc2 Nd7 23. Rfc1 Nxc5 24. bxc5 Qh4 25. g3 Qe7 26. Qe2 Qf7 27. Qd2 Ra8 28.
Be2 Ne7 29. Rb1 Nc6 30. Na2 Qe8 31. Nb4 Rb8 32. Nxc6 Qxc6 33. Qa5 g6 34. Rcb2
Kf7 35. Rxb5 axb5 36. Bxb5 Ba6 37. Bxc6 Rxb1+ 38. Kf2 Rxc6 39. Qd8 Rb2+ 40. Kg1
Rb1+ 41. Kg2 Rb2+ 42. Kh1 Rb1+ 1/2-1/2

[Event "Politiken Cup 2011"]
[Site "Helsingor"]
[Date "2011.08.02"]
[Round "5.129"]
[White "Elzubeir, Omar"]
[Black "Nielsen, Palle"]
[Result "1-0"]
[WhiteElo "1497"]
[BlackElo "1824"]
[PlyCount "83"]
[EventDate "2011.??.??"]
[WhiteTeam "Frederiksværk"]
[BlackTeam "Helsingør"]

1. e4 c5 2. Nc3 Nc6 3. Nf3 d6 4. Bc4 Bg4 5. Bxf7+ Kd7 6. h3 Nh6 7. Bd5 Bxf3 8.
Bxc6+ bxc6 9. Qxf3 g6 10. d3 Rb8 11. Rb1 Bg7 12. Bxh6 Bxc3+ 13. Bd2 Bxd2+ 14.
Kxd2 Qa5+ 15. Ke3 Rhf8 16. Qg4+ e6 17. Rhd1 Qa4 18. Qh4 Rf7 19. b3 Qd4+ 20. Ke2
Rbf8 21. f3 Qc3 22. Qe1 Qxc2+ 23. Rd2 Qc3 24. Rc1 Qa5 25. Rdc2 Qb5 26. Qc3 Rb8
27. Qc4 Qa5 28. Qc3 Qd8 29. d4 Qg5 30. Kf1 Qf6 31. Qa5 Ke8 32. dxc5 Rb5 33. Qa6
Rxc5 34. Rxc5 dxc5 35. Qxc6+ Rd7 36. Qc8+ Rd8 37. Qxc5 Qf7 38. Qe5 h5 39. Rc7
Rd7 40. Rc8+ Ke7 41. Qg5+ Kd6 42. Qc5# 1-0

[Event "Politiken Cup 2011"]
[Site "Helsingor"]
[Date "2011.08.02"]
[Round "5.130"]
[White "Petersen, Jan"]
[Black "Andersen, Claus Nis"]
[Result "0-1"]
[WhiteElo "1396"]
[BlackElo "1811"]
[PlyCount "60"]
[EventDate "2011.??.??"]
[WhiteTeam "Helsingør"]
[BlackTeam "Rokaden"]

1. d4 Nf6 2. c4 g6 3. Nc3 d5 4. cxd5 Nxd5 5. e4 Nxc3 6. bxc3 Bg7 7. Bc4 c5 8.
Nf3 O-O 9. h3 Nc6 10. Be3 Qa5 11. Qb3 cxd4 12. Bxf7+ Rxf7 13. Ng5 Qxc3+ 14.
Qxc3 dxc3 15. Nxf7 Kxf7 16. O-O Be6 17. Rfc1 c2 18. f4 Bxa1 19. Rxa1 Rd8 20.
Rc1 Rd1+ 21. Kf2 Rxc1 22. Bxc1 Nb4 23. Ke3 Nxa2 24. Kd2 Nxc1 25. Kxc1 Bb3 26.
g4 a5 27. Kb2 a4 28. f5 a3+ 29. Kc1 a2 30. Kb2 a1=Q+ 0-1

[Event "Politiken Cup 2011"]
[Site "Helsingor"]
[Date "2011.08.02"]
[Round "5.131"]
[White "Larsen, Eigil"]
[Black "Jensen, Jonbert M S"]
[Result "1-0"]
[WhiteElo "1811"]
[BlackElo "1595"]
[PlyCount "33"]
[EventDate "2011.??.??"]
[WhiteTeam "Nordkalotten"]
[BlackTeam "AS04"]

1. e4 d6 2. d4 Nf6 3. Nc3 g6 4. Nf3 Bg7 5. Be3 O-O 6. Qd2 a6 7. Be2 Nbd7 8. h3
b5 9. e5 Ne8 10. Bh6 f5 11. h4 Bb7 12. O-O-O Nb6 13. h5 Nd5 14. hxg6 hxg6 15.
Bxg7 Nxg7 16. Qh6 e6 17. Ng5 1-0

[Event "Politiken Cup 2011"]
[Site "Helsingor"]
[Date "2011.08.02"]
[Round "5.132"]
[White "Henningsson, Hjalte Skov"]
[Black "Kristensen, Lars Østergaard"]
[Result "1-0"]
[WhiteElo "1794"]
[BlackElo "1544"]
[PlyCount "71"]
[EventDate "2011.??.??"]
[WhiteTeam "Øbro"]
[BlackTeam "Lyngby.Virum"]

1. Nf3 Nf6 2. g3 g6 3. Bg2 Bg7 4. O-O O-O 5. d4 d5 6. Nbd2 Bg4 7. c4 Nc6 8. Ne5
Be6 9. Nxc6 bxc6 10. e3 Qd7 11. Qa4 Qd6 12. b3 Rfe8 13. Ba3 Qd8 14. Qxc6 Bd7
15. Qc5 c6 16. Rfc1 e5 17. cxd5 cxd5 18. Bb2 Bf8 19. Qc7 Qc8 20. Qxc8 Raxc8 21.
dxe5 Nh5 22. Bxd5 Bh6 23. Nc4 Red8 24. Nd6 Rxc1+ 25. Rxc1 Be6 26. Bxe6 fxe6 27.
Rc8 Bg5 28. Rxd8+ Bxd8 29. Ne4 Ng7 30. Nf6+ Kh8 31. g4 Bb6 32. Bd4 Bc7 33. Bxa7
Bxe5 34. Bd4 Bxd4 35. exd4 h5 36. h3 1-0

[Event "Politiken Cup 2011"]
[Site "Helsingor"]
[Date "2011.08.02"]
[Round "5.133"]
[White "Gupta, Sudhir Kumar"]
[Black "Kyrkjebo, Hanna B"]
[Result "1/2-1/2"]
[WhiteElo "1791"]
[BlackElo "1518"]
[PlyCount "93"]
[EventDate "2011.??.??"]
[WhiteTeam "Stavanger"]
[BlackTeam "Stavanger"]

1. e4 e5 2. Nf3 Nc6 3. d4 exd4 4. Nxd4 Bc5 5. Nb3 Bb6 6. Bd3 d6 7. O-O Ne5 8.
Nc3 Nf6 9. Bg5 h6 10. Bh4 c6 11. Be2 O-O 12. Bg3 Re8 13. Bxe5 Rxe5 14. Bf3 Be6
15. Nd4 Bc4 16. Re1 d5 17. Nb3 dxe4 18. Qxd8+ Rxd8 19. Nxe4 Nxe4 20. Rxe4 Rxe4
21. Bxe4 Re8 22. Bf3 Rd8 23. Rd1 Rxd1+ 24. Bxd1 Kf8 25. Nc1 Ke7 26. b3 Bd5 27.
Kf1 Kf6 28. f3 Kf5 29. c4 Be6 30. Ke2 Bc7 31. g3 Bb6 32. Bc2+ Ke5 33. Kd2 Bg1
34. f4+ Kf6 35. h4 Bf2 36. Ne2 Bg4 37. Nc3 Ke6 38. Ne4 Bb6 39. Bd3 Ba5+ 40. Nc3
Bb4 41. Kc2 Bc5 42. Kd2 f5 43. Ke1 Bb4 44. Kd2 Bc5 45. Ke1 Bb4 46. Kd2 Bc5 47.
Ke1 1/2-1/2

[Event "Politiken Cup 2011"]
[Site "Helsingor"]
[Date "2011.08.02"]
[Round "5.147"]
[White "Savio, Niklas"]
[Black "Kopperberg, Steen"]
[Result "0-1"]
[WhiteElo "1040"]
[BlackElo "1782"]
[PlyCount "62"]
[EventDate "2011.??.??"]
[WhiteTeam "Caissa"]
[BlackTeam "Frederiksværk"]

1. c4 c6 2. g3 Nf6 3. Bg2 e6 4. e4 d5 5. cxd5 exd5 6. exd5 Nxd5 7. Nc3 Be6 8.
Qe2 Be7 9. Nf3 Nb4 10. d4 Bf5 11. Ne4 Qd5 12. a3 Bxe4 13. axb4 Bxb4+ 14. Nd2 f5
15. f3 Bxd2+ 16. Bxd2 O-O 17. fxe4 Qxd4 18. exf5 Nd7 19. Bc3 Qc5 20. Qe6+ Kh8
21. O-O-O Nf6 22. Qe5 Qc4 23. Rd7 Rae8 24. Qd4 Qe2 25. Bf1 Qf3 26. Rg1 Re4 27.
Bg2 Rxd4 28. Bxf3 Rxd7 29. Re1 Re8 30. Rf1 h6 31. Kc2 Nd5 0-1

[Event "Politiken Cup 2011"]
[Site "Helsingor"]
[Date "2011.08.02"]
[Round "5.134"]
[White "Rasmussen, Ole"]
[Black "Abildgaard, Kim"]
[Result "1-0"]
[WhiteElo "1769"]
[BlackElo "1446"]
[PlyCount "101"]
[EventDate "2011.??.??"]
[WhiteTeam "Hillerød"]
[BlackTeam "Dragsholm"]

1. e4 b6 2. d4 e6 3. Nc3 Bb7 4. Bd3 Nf6 5. Be3 h6 6. f3 Be7 7. Qd2 Qc8 8. e5
Nd5 9. Nxd5 Bxd5 10. c4 Bb7 11. b4 Na6 12. a3 c5 13. b5 cxd4 14. Bxd4 Nc5 15.
Bc2 O-O 16. Ne2 Bg5 17. Qc3 a6 18. O-O Rd8 19. Ng3 d5 20. exd6 f6 21. f4 e5 22.
fxe5 Qe6 23. Bf5 Qe8 24. exf6 Ne6 25. Bxe6+ Qxe6 26. f7+ Kh7 27. Bxg7 h5 28.
Rae1 Qxd6 29. f8=Q Rxf8 30. Bxf8 Rxf8 31. Rxf8 Qxf8 32. Qd3+ Kh8 33. Qg6 Qc5+
34. Kh1 Be7 35. Qe8+ Bf8 36. Re5 Qxa3 37. Rxh5+ Kg7 38. Nf5+ Kf6 39. Qe1 axb5
40. cxb5 Bxg2+ 41. Kxg2 Qa2+ 42. Qf2 Qd5+ 43. Qf3 Qa2+ 44. Kh3 Bc5 45. Nd4+ Ke7
46. Nc6+ Kd6 47. Rh6+ Kd7 48. Qf5+ Ke8 49. Rh8+ Bf8 50. Qxf8+ Kd7 51. Qe7# 1-0

[Event "Politiken Cup 2011"]
[Site "Helsingor"]
[Date "2011.08.02"]
[Round "5.135"]
[White "Brobakken, Sindre"]
[Black "Andersen, Guttorm"]
[Result "1/2-1/2"]
[WhiteElo "1317"]
[BlackElo "1768"]
[PlyCount "122"]
[EventDate "2011.??.??"]
[WhiteTeam "Hamar"]
[BlackTeam "SK Stjernen"]

1. Nf3 f5 2. g3 d6 3. Bg2 e5 4. d3 Nf6 5. Nbd2 g6 6. O-O Bg7 7. Re1 O-O 8. e4
f4 9. d4 Nh5 10. c3 Nd7 11. g4 Nhf6 12. Qb3+ Kh8 13. Ng5 Qe7 14. Ne6 Nxg4 15.
Nxf8 Qh4 16. Nxg6+ hxg6 17. Nf3 Qe7 18. Bh3 Nb6 19. Bg2 Be6 20. d5 Bc8 21. h3
Nh6 22. Bd2 Nd7 23. c4 Bf6 24. Rac1 b6 25. a4 Nc5 26. Qa3 Bd7 27. a5 Kg7 28.
Bb4 Qe8 29. Bxc5 dxc5 30. b4 cxb4 31. Qxb4 Be7 32. Qc3 Bd6 33. axb6 cxb6 34.
Qb2 Nf7 35. Nd2 Qh8 36. Rc3 Bc5 37. Nb3 Bb4 38. Rec1 Bxc3 39. Rxc3 Ng5 40. c5
bxc5 41. Nxc5 Qe8 42. Qb7 Rd8 43. Qxa7 Nf7 44. Nxd7 Rxd7 45. Rc7 Rd6 46. Re7
Qf8 47. Rxe5 Kf6 48. Re6+ Rxe6 49. dxe6 Kxe6 50. Qa2+ Kf6 51. Qd5 Ne5 52. h4
Qb8 53. Bh3 Nf3+ 54. Kg2 Nxh4+ 55. Kf1 Qb1+ 56. Ke2 f3+ 57. Ke3 Qc1+ 58. Qd2
Qxd2+ 59. Kxd2 Ke5 60. Ke3 Ng2+ 61. Kxf3 Nf4 1/2-1/2

[Event "Politiken Cup 2011"]
[Site "Helsingor"]
[Date "2011.08.02"]
[Round "5.136"]
[White "Christiansen, Niels Jorgen"]
[Black "Lindgaard, Tobias"]
[Result "0-1"]
[WhiteElo "1768"]
[BlackElo "1434"]
[PlyCount "44"]
[EventDate "2011.??.??"]
[WhiteTeam "Helsinge"]
[BlackTeam "Ribe"]

1. d4 d6 2. c4 e5 3. d5 c5 4. e4 Nf6 5. Nc3 Be7 6. Nf3 O-O 7. Be2 a6 8. O-O Qe8
9. Bg5 Nh5 10. Bxe7 Qxe7 11. Nd2 Nf4 12. Re1 f5 13. Bf1 Qg5 14. Re3 Nd7 15.
exf5 Nf6 16. Nde4 Qxf5 17. Nxd6 Qg5 18. Nxc8 Raxc8 19. Ne4 Nxe4 20. g3 Nxf2 21.
Qc2 N4h3+ 22. Bxh3 Nxh3+ 0-1

[Event "Politiken Cup 2011"]
[Site "Helsingor"]
[Date "2011.08.02"]
[Round "5.137"]
[White "Nordstrom, Håkon Namtved"]
[Black "Rasmussen, Arne"]
[Result "1-0"]
[WhiteElo "1768"]
[BlackElo "1409"]
[PlyCount "77"]
[EventDate "2011.??.??"]
[WhiteTeam "Fanø Sjakklubb"]
[BlackTeam "Ishøj"]

1. d4 Nf6 2. Nf3 g6 3. e3 Bg7 4. Bd3 O-O 5. b3 d6 6. Bb2 c5 7. Nbd2 cxd4 8.
exd4 d5 9. Qe2 Bg4 10. h3 Bxf3 11. Nxf3 a6 12. Ne5 e6 13. O-O-O b5 14. h4 h5
15. g4 Nxg4 16. Nxg4 hxg4 17. Qxg4 Bh6+ 18. Kb1 Kg7 19. Rdg1 Qf6 20. Ba3 Rg8
21. Bd6 Nd7 22. h5 g5 23. f4 Kh8 24. Be5 Nxe5 25. dxe5 Qxf4 26. Qe2 Rg7 27. Rg4
Rag8 28. Rxf4 gxf4 29. Qf2 Rg2 30. Qa7 R8g7 31. Qb8+ Rg8 32. Qc7 R8g7 33. Qd8+
Rg8 34. Qf6+ Bg7 35. Qxf4 Bf8 36. Qf6+ Bg7 37. Qxf7 Rf8 38. Qxe6 Rg8 39. Qf5
1-0

[Event "Politiken Cup 2011"]
[Site "Helsingor"]
[Date "2011.08.02"]
[Round "5.138"]
[White "Merkesvik, Sondre"]
[Black "Ostby, Martin Bergsjo"]
[Result "0-1"]
[WhiteElo "1762"]
[BlackElo "1288"]
[PlyCount "80"]
[EventDate "2011.??.??"]
[WhiteTeam "Bergens"]
[BlackTeam "Oslo Schackselskab"]

1. e4 e5 2. Nf3 Nc6 3. Bc4 Bc5 4. O-O Nf6 5. d4 exd4 6. e5 Ng8 7. Nbd2 h6 8.
Nb3 Bb6 9. Nbxd4 Nxd4 10. Nxd4 Ne7 11. c3 O-O 12. f4 d5 13. exd6 Qxd6 14. Be3
Nf5 15. Bf2 Nxd4 16. Bxd4 Bf5 17. Kh1 Bxd4 18. Qxd4 Qxd4 19. cxd4 Rad8 20. Rad1
Rd6 21. Bd3 Bg4 22. Rd2 Kh8 23. Be4 c6 24. d5 f5 25. Bf3 Bxf3 26. Rxf3 Rfd8 27.
Re2 Rxd5 28. h3 R8d7 29. Kg1 b5 30. Rc3 c5 31. Re8+ Kh7 32. Rc8 c4 33. b3 Rd2
34. bxc4 b4 35. Rb3 Rxa2 36. Rxb4 Rdd2 37. Rb1 Rxg2+ 38. Kf1 Raf2+ 39. Ke1 Rh2
40. Rb7 Ra2 0-1

[Event "Politiken Cup 2011"]
[Site "Helsingor"]
[Date "2011.08.02"]
[Round "5.140"]
[White "Aartun, Eivind"]
[Black "Merkesvik, Frode"]
[Result "1/2-1/2"]
[WhiteElo "1747"]
[BlackElo "1112"]
[PlyCount "126"]
[EventDate "2011.??.??"]
[WhiteTeam "Stavanger"]
[BlackTeam "Bergen"]

1. e4 e6 2. d4 d5 3. exd5 exd5 4. Bd3 Nf6 5. Bg5 Nc6 6. Nf3 h6 7. Bh4 Bg4 8. c3
Qe7+ 9. Qe2 Qxe2+ 10. Bxe2 Be7 11. Nbd2 Be6 12. O-O O-O-O 13. b4 Ne4 14. Bxe7
Nxe7 15. Nxe4 dxe4 16. Nd2 f5 17. Nb3 b6 18. c4 c6 19. a4 Kd7 20. b5 Bf7 21.
Rfd1 cxb5 22. axb5 Nc8 23. d5 Kd6 24. Nd4 Rd7 25. Nxf5+ Ke5 26. Ng3 g5 27. Ra3
Nd6 28. Rda1 Ra8 29. f3 exf3 30. gxf3 Rc7 31. Ra4 h5 32. Kf2 h4 33. Nf1 Bg6 34.
Ne3 Rf7 35. Kg1 Rg7 36. Rd1 Nb7 37. Ng4+ Kd6 38. Bd3 Bxd3 39. Rxd3 Nc5 40. Raa3
Nxd3 41. Rxd3 a6 42. bxa6 Rxa6 43. Nf6 Rga7 44. Ne4+ Ke5 45. d6 Ra1+ 46. Kg2
Rd7 47. Nxg5 Ra8 48. Kh3 Ra4 49. Kxh4 Rxc4+ 50. Kg3 b5 51. h4 Rc6 52. h5 Rcxd6
53. Rxd6 Kxd6 54. h6 b4 55. h7 Rxh7 56. Nxh7 b3 57. Ng5 b2 58. Ne4+ Ke5 59. Nd2
Kd4 60. Nb1 Kd3 61. f4 Kc2 62. Na3+ Kb3 63. Nb1 Kc2 1/2-1/2

[Event "Politiken Cup 2011"]
[Site "Helsingor"]
[Date "2011.08.02"]
[Round "5.141"]
[White "Andreassen, Espen"]
[Black "Asmund, Erik"]
[Result "1/2-1/2"]
[WhiteElo "1000"]
[BlackElo "1739"]
[PlyCount "70"]
[EventDate "2011.??.??"]
[WhiteTeam "Sevland"]
[BlackTeam "Gråsten"]

1. e4 e6 2. d4 d5 3. e5 c5 4. c3 Nc6 5. Nf3 Bd7 6. Bb5 a6 7. Bxc6 Bxc6 8. a3
Qc7 9. Bf4 h6 10. h3 c4 11. O-O Ne7 12. Nbd2 Ng6 13. Bg3 Be7 14. b4 b5 15. Qc2
a5 16. Rfe1 a4 17. Nf1 O-O-O 18. Qd2 Rdf8 19. N1h2 Qd8 20. Rab1 Be8 21. Qe3 h5
22. h4 Nxh4 23. Bxh4 Bxh4 24. Nxh4 Qxh4 25. Nf3 Qe7 26. Kf1 Rfg8 27. g3 g5 28.
Ke2 h4 29. gxh4 gxh4 30. Rg1 Rg6 31. Ng5 Rh5 32. Nh3 Rh8 33. Rxg6 fxg6 34. Qg5
Kd7 35. Qxe7+ Kxe7 1/2-1/2

[Event "Politiken Cup 2011"]
[Site "Helsingor"]
[Date "2011.08.02"]
[Round "5.142"]
[White "Larsen, Hans Haagen"]
[Black "Jensen, Torben Brieghel"]
[Result "1-0"]
[WhiteElo "1732"]
[BlackElo "1098"]
[PlyCount "79"]
[EventDate "2011.??.??"]
[WhiteTeam "AS04"]
[BlackTeam "Hillerød"]

1. e4 e6 2. d4 d5 3. e5 c5 4. c3 Nc6 5. Nf3 Qb6 6. Bd3 cxd4 7. cxd4 Bd7 8. Be3
Qxb2 9. Nbd2 Nb4 10. Nb3 Qc3+ 11. Ke2 Qxd3+ 12. Qxd3 Nxd3 13. Kxd3 Bb5+ 14. Kc2
Rc8+ 15. Kb2 Bb4 16. Rhc1 Ne7 17. a3 Bc3+ 18. Rxc3 Rxc3 19. Kxc3 O-O 20. a4 Ba6
21. Nc5 Rc8 22. Kb2 Bc4 23. a5 b6 24. axb6 axb6 25. Nb7 Rb8 26. Nd6 Nc6 27. Nd2
b5 28. Ra6 Nb4 29. Ra7 Nd3+ 30. Kb1 Rf8 31. Rb7 Ne1 32. Nxb5 Bd3+ 33. Kb2 Nxg2
34. Nd6 Nxe3 35. fxe3 f6 36. Kc3 Be2 37. Nb3 fxe5 38. dxe5 Rf3 39. Kd4 Rh3 40.
Rb8# 1-0

[Event "Politiken Cup 2011"]
[Site "Helsingor"]
[Date "2011.08.02"]
[Round "5.143"]
[White "Lindholm, Lars"]
[Black "Dyrhaug, Sverre S"]
[Result "1-0"]
[WhiteElo "1722"]
[BlackElo "1019"]
[PlyCount "31"]
[EventDate "2011.??.??"]
[WhiteTeam "HaSS"]
[BlackTeam "Stavanger"]

1. Nc3 e5 2. Nf3 Nc6 3. d4 exd4 4. Nxd4 Nxd4 5. Qxd4 Nf6 6. e4 d6 7. Bg5 Be7 8.
O-O-O Be6 9. e5 dxe5 10. Qxe5 Bd7 11. Bxf6 gxf6 12. Qh5 Qc8 13. Bc4 Be6 14. Nd5
c6 15. Nxf6+ Kf8 16. Qh6# 1-0

[Event "Politiken Cup 2011"]
[Site "Helsingor"]
[Date "2011.08.02"]
[Round "5.144"]
[White "Brastein, Ragner"]
[Black "Amarapala, Sherington"]
[Result "0-1"]
[WhiteElo "1000"]
[BlackElo "1709"]
[PlyCount "78"]
[EventDate "2011.??.??"]
[WhiteTeam "Sandness"]
[BlackTeam "Lorenskog"]

1. d4 d5 2. Nf3 e6 3. Bf4 Bd6 4. Bxd6 cxd6 5. e3 Nc6 6. Bd3 Nf6 7. c3 O-O 8.
O-O Re8 9. Nbd2 e5 10. Be2 Bf5 11. h3 Qd7 12. Kh2 a6 13. Re1 h6 14. Rb1 Bxb1
15. Qxb1 Rac8 16. b3 b5 17. Rc1 Rb8 18. Qa1 e4 19. Ne1 Qf5 20. Kg1 Rec8 21. a4
Ra8 22. axb5 axb5 23. Qb2 Rcb8 24. Qc2 Na5 25. b4 Nc4 26. Bxc4 dxc4 27. Nf1 d5
28. Ng3 Qe6 29. Qe2 Ra7 30. Nc2 Rba8 31. Qd1 g6 32. Kh2 h5 33. h4 Re8 34. Ra1
Rxa1 35. Qxa1 Ng4+ 36. Kg1 Qf6 37. Qf1 Qxh4 38. Qd1 Re6 39. Qd2 Rf6 0-1

[Event "Politiken Cup 2011"]
[Site "Helsingor"]
[Date "2011.08.02"]
[Round "5.150"]
[White "Nielsen, Bjørn"]
[Black "Brobakken, Jørgen"]
[Result "1-0"]
[WhiteElo "1619"]
[BlackElo "1000"]
[PlyCount "149"]
[EventDate "2011.??.??"]
[WhiteTeam "KS"]
[BlackTeam "Hamar"]

1. e4 e5 2. Nf3 Nc6 3. Bc4 Nf6 4. Nc3 Bc5 5. O-O O-O 6. h3 Nxe4 7. Nxe4 d5 8.
Nxc5 dxc4 9. Ne4 Bf5 10. Ng3 Be6 11. b3 Qf6 12. Qe2 e4 13. Rb1 exf3 14. Qxf3
Qxf3 15. gxf3 Bxh3 16. Re1 Nd4 17. Re7 Nxf3+ 18. Kh1 Rfe8 19. Rxe8+ Rxe8 20.
Ba3 Nxd2 21. Rc1 h6 22. Bb4 Nf3 23. Nf1 Re2 24. Bc5 b6 25. Be3 f5 26. Ng3 Re1+
27. Rxe1 Nxe1 28. Bf4 Nxc2 29. bxc4 c6 30. f3 b5 31. Kh2 b4 32. Kxh3 a5 33.
Nxf5 a4 34. Be5 Ne1 35. Kg3 b3 36. axb3 axb3 37. Ne7+ Kf7 38. Nxc6 Ke6 39. Bxg7
Kd6 40. Na5 b2 41. Bxb2 Kc5 42. Bc3 Kd6 43. f4 Nd3 44. Kg4 h5+ 45. Kxh5 Nxf4+
46. Kg4 Ne6 47. Kf5 Nc5 48. Bb4 Kc7 49. Bxc5 Kb8 50. Ke6 Kc7 51. Ke7 Kc8 52.
Kd6 Kb8 53. Kc6 Kc8 54. Ba7 Kd8 55. Bc5 Kc8 56. Nb3 Kb8 57. Nd4 Ka8 58. Ne6 Kb8
59. Nc7 Kc8 60. Ba7 Kd8 61. Nd5 Kc8 62. Ne7+ Kd8 63. Kd6 Ke8 64. Ke6 Kd8 65.
Bb6+ Ke8 66. Bc7 Kf8 67. Nf5 Ke8 68. Ng7+ Kf8 69. Kf6 Kg8 70. Kg6 Kf8 71. Bd6+
Kg8 72. Be7 Kh8 73. Nf5 Kg8 74. Nh6+ Kh8 75. Bf6# 1-0